000 00881nam a22001935i 4500
001 160969
003 ES-MaACL
005 20230906212151.0
008 990526s1885 be |||| | fre d
040 _aCCPB | B
_bspa
_cCCPB | B
100 1 _aOliver y Esteller, Bienvenido.
_9130627
245 1 4 _aDes innovations introduites dans la législation de la lettre de change, billets à ordre et chèques par le nouveau Code de Commerce d'Espagne /
_cpar Bienv. Oliver Esteller.
260 _aAnvers :
_b[s.n.,
_c1885?] (
_fRatinckx frères)
300 _a14 p. ;
_c22 cm.
500 _aPrecede al tít.: Cingrès International de Droit Commercial d'Anvers.
596 _aTexto fechado en 1885.
711 2 1 _aCongrès International de Droit Commercial d'Anvers.
_9135110
852 _aES-MaACL
_jT-424-F-10
_z-- Enc. hol.
_q-- Falto de la cub. original
_z-- Enc. en un vol. facticio
999 _c160969
_d160969